|
|
|
|
| LEADER |
00000nab a2200000 ar4500 |
| 001 |
vtls011761317 |
| 003 |
SK-MaSNL |
| 005 |
20260305040617.0 |
| 008 |
180611c20171124xo mr|p|||||||000 b|slo |
| 038 |
|
|
|a SNSK
|
| 040 |
|
|
|a SNSK
|b slo
|e rda
|c SK
|
| 041 |
|
|
|a slo
|
| 043 |
|
|
|a e-xo- - -
|
| 044 |
|
|
|a xo
|c SK
|
| 080 |
|
|
|a 929 Mária Terézia
|2 2011
|
| 080 |
|
|
|a 069
|2 2011
|
| 245 |
0 |
0 |
|a Mária Terézia ožíva v Betliari
|c [autor] kz; foto: autor, gettyimages
|
| 300 |
|
|
|b Fotogr.
|
| 600 |
0 |
7 |
|a Mária Terézia,
|c česká a uhorská kráľovna, cisárovná, manželka Františka Štefana I., rímskonemeckého cisára,
|d 1717-1780
|2 snsk
|9 124055
|
| 600 |
3 |
7 |
|a Andrássy (rod)
|2 snsk
|9 58464
|
| 610 |
2 |
7 |
|a Betliar (Slovensko : kaštieľ)
|2 snsk
|9 32011
|
| 650 |
0 |
7 |
|a výstavy
|2 snsk
|9 2780
|
| 650 |
0 |
7 |
|a kaštiele
|2 snsk
|9 28599
|
| 651 |
|
7 |
|a Betliar (Slovensko)
|2 snsk
|9 20285
|
| 651 |
|
7 |
|a Rožňava (Slovensko : okres)
|2 snsk
|9 19215
|
| 773 |
0 |
|
|t Nový Čas
|g Roč. 27, č. 270 (24.11.2017), s. 10
|x 1335-4655
|
| 852 |
|
|
|a SNSK
|b KIS3GCP
|
| 999 |
|
|
|c 3339413
|d 3341343
|